00646nam a22001817a 4500003000400000008004100004020001800045082002000063100001900083245006700102260002700169300001700196650005300213650004300266650005300309650004900362650005300411OSt260305b2024 |||||||| |||| 00| 0 eng d a9780753560778 a303.4834bMOL-C aMollick, Ethan aCo-Intelligence :bliving and working with ai /cEthan Mollick aUK :bWH Allen,c2024. axx, 234 p. ; aExpert systems (Computer science)-Social aspects aArtificial intelligence-Social aspects aArtificial intelligence-Educational applications aLabor-Effect of technological innovations on aEducation-Effect of technological innovations on